Modern control theory

Uloženo v:
Podrobná bibliografie
Hlavní autor: JAIRATH, Anoop K.
Médium: Kniha
Jazyk:angličtina
Vydáno: Ane Books 2019
Tagy: Přidat tag
Žádné tagy, Buďte první, kdo vytvoří štítek k tomuto záznamu!

MARC

LEADER 00000nam a22000007a 4500
008 240412b |||||||| |||| 00| 0 eng d
020 |a 9789384726751 
100 |a JAIRATH, Anoop K. 
245 |a Modern control theory  |c /Anoop Jairath  |g vi,454p;ill 
260 |b Ane Books  |c 2019  |h New Delhi  |i 701490  |i 701491  |l QA402.3.J19  |m Control theory 
500 |a it include references and index 
942 |a lcc  |c BK  |e Johnson  |f 12/04/24 
952 |0 0  |1 0  |2 lcc  |4 0  |6 QA04023 J19  |7 0  |9 5038  |a SL  |b HOL  |c QZ  |d 2024-04-12  |l 0  |o QA402.3.J19  |p 2024-0288  |r 2024-04-12 00:00:00  |t 701490  |w 2024-04-12  |y BK 
952 |0 0  |1 0  |2 lcc  |4 0  |6 QA04023 J19  |7 0  |9 5039  |a HOL  |b HOL  |c QZ  |d 2024-04-12  |l 0  |o QA402.3.J19  |p 2024-0289  |r 2024-04-12 00:00:00  |t 701491  |w 2024-04-12  |y BK 
999 |c 2502  |d 2502